00532nam a2200193 a 4500001001300000003000900013005001700022008004100039020001000080082001600090100002300106245004000129260005000169300000900219500003500228505001200263650004000275700002300315nice12345678IN_TiNIC20260116011253.0050524s1892 cama grp 000 0 eng  ac10000a221.13bSMI aSmith, W Robertson aOld Testament in the Jewish Church. aCambridge bCambridge University Press c1892 a458p aincludes index and biblioraphy2 aIndices aBible O.T. Criticism & Interpretati1 aSmith, W Robertson